000 00361nam a22001457a 4500
008 221107b ||||| |||| 00| 0 eng d
020 _a2740362386159
041 _aeng
080 _2EIGHTH EDITION
_a610.73
082 _a610.73 SUL
100 _a8
101 _aINF
245 _aEFFECTIVE LEADERSHIP AND MANAGEMENT IN NURSING
_cSULLIVAN E
942 _2udc
_cBK
999 _c58773
_d58773